| 000 | 00897nam a2200217 i 4500 | ||
|---|---|---|---|
| 001 | 96459 | ||
| 003 | ES-MaACL | ||
| 005 | 20260127062534.0 | ||
| 007 | t| | ||
| 008 | 050627s1969 sp ||||1| spa d | ||
| 100 | 1 |
_aMaldonado y Fernández de Torco, José. _975741 |
|
| 245 | 1 | 3 |
_aLa significación histórica del Derecho Canónico / _cDiscurso recepción por José Maldonado y Fernández del Torco el día 5 de Mayo de 1969 y contestación Alfonso García-Gallo y de Diego. |
| 260 |
_aPamplona : _bEd. Gómez, _c1969. |
||
| 300 |
_a113 p. ; _c24 cm. |
||
| 500 | _aPrecede al tít.: Real Academia de Jurisprudencia y Legislación. | ||
| 700 | 1 |
_aGarcía-Gallo, Alfonso, _d1911-1992 _954644 |
|
| 700 |
_aReal Academia de Jurisprudencia y Legislación de España _9217612 |
||
| 852 |
_aES-MaACL _jC-35791 _bR.69533 |
||
| 852 |
_aES-MaACL _jC-46102 _bR.70324 |
||
| 999 |
_c96459 _d96459 |
||